000 00491nam a2200193Ia 4500
003 GCL
008 140319s9999 xx 000 0 eng d
040 _aGCL /
_cGCL
082 0 4 _a843
_bVM
100 1 _aVERNE, JULES
245 1 0 _aMICHEL STROGOFF /
_cVERNE, JULES
260 _a[S.N] :
_bBIBLIOTHEQUE D'EDUCATION ET DE RECREATIO ،
_c1994
300 _a498
650 0 4 _aLITERATURE
650 0 4 _aFICTION
650 0 4 _aFRENCH FICTION
650 0 4 _aFRENCH LITERATURE
942 _2ddc
_cBK
999 _c25304
_d25304